[Event "Ostravský koník 2014 - FIDE Open veteránù"]
[Site "Ostrava, CZE"]
[Date "2014.04.27"]
[Round "2"]
[White "Zdrazila, Jaromír"]
[Black "Sumbera, Antonín"]
[Result "1-0"]
[WhiteElo "1547"]
[BlackElo "1671"]
[PlyCount "92"]

1. d4 d5 2. c4 e6 3. Nc3 Nf6 4. e3 c5 5. dxc5 Bxc5 6. Nf3 Nc6 7. a3 a6 8. b4
Be7 9. Bb2 O-O 10. Qc2 dxc4 11. Rd1 Qc7 12. Bxc4 Nxb4 13. Qe2 Nc6 14. Bd3 h6
15. h3 Bd7 16. Rc1 Qa5 17. Ra1 Nd5 18. Qd2 Bf6 19. Rc1 Bxc3 20. Rxc3 Nxc3 21.
Qxc3 Qxc3+ 22. Bxc3 Rfe8 23. O-O e5 24. Nd2 Rad8 25. Rb1 Bxh3 26. Bxa6 bxa6 27.
gxh3 Rd3 28. Rc1 Red8 29. Rc2 f6 30. Kf1 Ne7 31. Ke2 Kf7 32. Bb4 R3d7 33. Ne4
Nd5 34. Ba5 Rb8 35. Rd2 Rb5 36. Bb4 Ke6 37. Nc5+ Rxc5 38. Bxc5 Nf4+ 39. exf4
Rxd2+ 40. Kxd2 exf4 41. Bf8 g6 42. Kd3 Kf5 43. Bxh6 g5 44. f3 Ke6 45. Bf8 f5
46. Bc5 g4 1-0

[Event "Ostravský koník 2014 - FIDE Open veteránù"]
[Site "Ostrava, CZE"]
[Date "2014.04.27"]
[Round "2"]
[White "Lavrisin, Jan"]
[Black "Písa, Lubomír"]
[Result "1-0"]
[WhiteElo "1620"]
[BlackElo "1557"]
[PlyCount "67"]

1. d4 d5 2. c4 e6 3. Nf3 Nf6 4. g3 Be7 5. Bg2 Nbd7 6. cxd5 Nxd5 7. O-O O-O 8.
a3 c6 9. e4 Nc7 10. Nc3 b6 11. d5 cxd5 12. exd5 exd5 13. Nxd5 Nxd5 14. Qxd5 Rb8
15. Bf4 Bb7 16. Qd1 Rc8 17. Bh3 f5 18. Qb3+ Kh8 19. Rfd1 Qe8 20. Bg2 Nc5 21.
Qe3 Ne4 22. b4 Rc3 23. Rd3 Bf6 24. Rad1 Rxd3 25. Rxd3 Ba6 26. Rd5 Qe6 27. Rd1
Rd8 28. Rxd8+ Bxd8 29. Nd4 Qg6 30. Nxf5 Qxf5 31. Bxe4 Qb5 32. Bd3 Qa4 33. Bxa6
Qd1+ 34. Bf1 1-0

[Event "Ostravský koník 2014 - FIDE Open veteránù"]
[Site "Ostrava, CZE"]
[Date "2014.04.28"]
[Round "3"]
[White "Bríza, Jirí"]
[Black "Jamka, Bretislav"]
[Result "1/2-1/2"]
[WhiteElo "1910"]
[BlackElo "2059"]
[PlyCount "162"]

1. b3 c5 2. e3 d5 3. Bb2 Nc6 4. Bb5 a6 5. Bxc6+ bxc6 6. h3 Nf6 7. Nf3 e6 8. O-O
Bd6 9. d3 Qc7 10. Re1 e5 11. e4 d4 12. Nbd2 O-O 13. Nc4 Re8 14. Bc1 Be6 15.
Nxd6 Qxd6 16. Ng5 Bd7 17. Kh1 h6 18. Nf3 g5 19. Nh2 Kg7 20. g4 Rh8 21. Rg1 Rag8
22. Qe2 Kf8 23. a4 h5 24. f3 hxg4 25. hxg4 Rh4 26. Rg2 Nh7 27. Ba3 Ke8 28. Kg1
Nf8 29. Rf1 Qh6 30. Rff2 Ne6 31. Bc1 Rh8 32. Bd2 Rh3 33. Kf1 Nf8 34. Ke1 Ng6
35. Nf1 Nh4 36. Rg1 Qf6 37. Ng3 Qh6 38. Qf1 Ng6 39. Nh5 Rh4 40. Nf6+ Ke7 41.
Nxd7 Kxd7 42. Kd1 f6 43. Kc1 Rh1 44. Kb2 Rxg1 45. Qxg1 Qh1 46. Qxh1 Rxh1 47.
Ba5 Nh4 48. Bb6 Rh3 49. Bxc5 Rxf3 50. Rxf3 Nxf3 51. c3 dxc3+ 52. Kxc3 Nh2 53.
Kb4 Kc7 54. d4 exd4 55. Bxd4 Nxg4 56. Kc5 Ne5 57. Bc3 g4 58. Kd4 Kd6 59. Ke3
Ke6 60. Kf4 Nd3+ 61. Kxg4 Nc5 62. Kf4 Nxb3 63. Ke3 Nc5 64. a5 Nd7 65. Kf4 c5
66. Ke3 Kd6 67. Kf4 c4 68. Kf5 Ke7 69. Bb4+ Kf7 70. Kf4 Ne5 71. Bc3 Ke6 72. Ke3
Kd6 73. Kd4 Kc6 74. Bb4 Kb5 75. Bc3 Nc6+ 76. Ke3 Nxa5 77. Bxf6 Kb4 78. Kd2 Kb3
79. e5 c3+ 80. Kc1 Nc6 81. e6 Nb4 1/2-1/2

[Event "Ostravský koník 2014 - FIDE Open veteránù"]
[Site "Ostrava, CZE"]
[Date "2014.04.28"]
[Round "3"]
[White "Macura, Emil"]
[Black "Pokora, Lubomír"]
[Result "1-0"]
[WhiteElo "1997"]
[BlackElo "1892"]
[PlyCount "97"]

1. d4 Nf6 2. Nf3 g6 3. Nbd2 d5 4. e3 Bg7 5. Bd3 O-O 6. b3 Bg4 7. h3 Bxf3 8.
Nxf3 Nbd7 9. O-O c6 10. Bb2 Re8 11. c4 e6 12. Qc2 Rc8 13. c5 Nf8 14. b4 N6d7
15. b5 f6 16. a4 e5 17. e4 Kh8 18. bxc6 bxc6 19. Ba6 Rc7 20. Rfe1 dxe4 21. Qxe4
f5 22. Qe3 e4 23. Ng5 Nf6 24. h4 h6 25. Nh3 Ne6 26. Qg3 Kh7 27. Bc4 Nh5 28. Qh2
Rb7 29. Bc3 Nxc5 30. Red1 Nd3 31. Bxd3 exd3 32. Rxd3 Qxh4 33. Qd6 Qf6 34. Qc5
Bf8 35. Qa5 Qf7 36. Rad1 Qd5 37. Qa6 Rd7 38. Bd2 g5 39. f3 f4 40. Nf2 Nf6 41.
Bc3 h5 42. R3d2 Bd6 43. Nd3 Re3 44. Bb2 Rc7 45. Ne5 g4 46. Nc4 gxf3 47. Nxe3
Qb3 48. Nf5 Bb4 49. Qd3 1-0

[Event "Ostravský koník 2014 - FIDE Open veteránù"]
[Site "Ostrava, CZE"]
[Date "2014.04.28"]
[Round "3"]
[White "Krouzel, Jaroslav"]
[Black "Vlcek, Antonín"]
[Result "1-0"]
[WhiteElo "2135"]
[BlackElo "1835"]
[PlyCount "75"]

1. d4 Nf6 2. c4 e6 3. Nc3 Bb4 4. Bg5 h6 5. Bh4 d5 6. Qa4+ Nc6 7. e3 Bd7 8. Qc2
g5 9. Bg3 Ne4 10. Bd3 Nxg3 11. hxg3 Qe7 12. Nge2 dxc4 13. Bxc4 O-O-O 14. O-O-O
Na5 15. Bd3 f5 16. d5 c5 17. dxe6 Qxe6 18. e4 fxe4 19. Bxe4 Bxc3 20. Nxc3 Kb8
21. f3 Bc6 22. Rhe1 Rd4 23. Bd3 Qd7 24. Ne2 Rd5 25. Be4 Rxd1+ 26. Rxd1 Bxe4 27.
Qxe4 Qe8 28. Nc3 Qxe4 29. Nxe4 b6 30. Rh1 Nc4 31. Nxg5 Rg8 32. Ne4 Ne3 33. Rxh6
Rd8 34. Rh1 Nxg2 35. Rg1 Ne3 36. g4 Rf8 37. g5 Rxf3 38. Nf6 1-0

[Event "Ostravský koník 2014 - FIDE Open veteránù"]
[Site "Ostrava, CZE"]
[Date "2014.04.28"]
[Round "3"]
[White "Folta, Frantisek"]
[Black "Tejkal, Jirí"]
[Result "1/2-1/2"]
[WhiteElo "1812"]
[BlackElo "1942"]
[PlyCount "72"]

1. c4 c6 2. Nf3 d5 3. e3 Nf6 4. Nc3 Bf5 5. Qb3 Bc8 6. cxd5 cxd5 7. Bb5+ Nc6 8.
Ne5 Qd6 9. d4 e6 10. Qa4 Bd7 11. Nxd7 Nxd7 12. Bxc6 Qxc6 13. Qxc6 bxc6 14. Bd2
Be7 15. Na4 Nb6 16. Nc5 Bxc5 17. dxc5 Nd7 18. b4 Rb8 19. Ke2 Ne5 20. Rhb1 a6
21. a4 O-O 22. Bc3 Nd7 23. Kd3 Rb7 24. Rb2 Rfb8 25. Rab1 f6 26. e4 Kf7 27. f4
a5 28. exd5 exd5 29. Kd4 axb4 30. Rxb4 Rxb4+ 31. Rxb4 Rxb4+ 32. Bxb4 Ke6 33. g4
g6 34. Be1 Nb8 35. Bg3 Na6 36. h3 Nb4 1/2-1/2

[Event "Ostravský koník 2014 - FIDE Open veteránù"]
[Site "Ostrava, CZE"]
[Date "2014.04.28"]
[Round "3"]
[White "Jancálek, Jan"]
[Black "Trojek, Miroslav"]
[Result "1/2-1/2"]
[WhiteElo "1783"]
[BlackElo "1901"]
[PlyCount "83"]

1. d4 d5 2. c4 e6 3. Nf3 Nf6 4. Nc3 Nbd7 5. e3 dxc4 6. Bxc4 Nb6 7. Bd3 Nbd5 8.
a3 Be7 9. O-O O-O 10. Qc2 h6 11. Bd2 Nxc3 12. Bxc3 Nd5 13. Bd2 Bd6 14. Rac1 c6
15. Rfe1 Bd7 16. Bc4 Rc8 17. e4 Nc7 18. Qd3 Be7 19. Ba2 h5 20. Bb1 g6 21. Ne5
Be8 22. Bh6 Bg5 23. Bxg5 Qxg5 24. Qe3 Qf6 25. Nf3 Rd8 26. e5 Qe7 27. Qh6 Bd7
28. Ng5 f5 29. Qxg6+ Qg7 30. Qxh5 Be8 31. Qh4 Bg6 32. Ba2 Rfe8 33. Rc3 Qh8 34.
Rh3 Qxh4 35. Rxh4 Kg7 36. Re3 b6 37. h3 Kg8 38. Rg3 Kg7 39. Rf4 Kh6 40. h4 Bh5
41. Rc3 Nb5 42. a4 1/2-1/2

[Event "Ostravský koník 2014 - FIDE Open veteránù"]
[Site "Ostrava, CZE"]
[Date "2014.04.28"]
[Round "3"]
[White "Zlebcík, Ladislav"]
[Black "Ludvícek, Josef"]
[Result "1/2-1/2"]
[WhiteElo "1889"]
[BlackElo "1867"]
[PlyCount "122"]

1. e4 e6 2. d4 c5 3. Nf3 Qb6 4. d5 Nf6 5. Nc3 exd5 6. exd5 d6 7. Bd3 Be7 8. O-O
O-O 9. Na4 Qa5 10. c4 Bg4 11. Nc3 Nbd7 12. h3 Bh5 13. g4 Bg6 14. Bxg6 fxg6 15.
Ng5 Ne5 16. f4 Nf7 17. Ne6 Rfe8 18. Nb5 Rac8 19. Bd2 Qb6 20. a4 Bd8 21. Qf3 Nd7
22. g5 Nf8 23. f5 Ne5 24. Qe4 Nxe6 25. fxe6 Be7 26. h4 a6 27. a5 Qd8 28. Nc3 b5
29. cxb5 axb5 30. Nxb5 Rb8 31. Na7 Qc7 32. Nc6 Nxc6 33. dxc6 d5 34. Bf4 Qxc6
35. Qa4 Qxa4 36. Rxa4 Rxb2 37. a6 Ra8 38. a7 c4 39. Bb8 c3 40. Ra6 Rbxb8 41.
axb8=Q+ Rxb8 42. Rc6 d4 43. Rf7 Bf8 44. Rd7 Re8 45. Rxd4 h6 46. Re4 Be7 47.
gxh6 gxh6 48. Rxc3 Kg7 49. Kg2 Bf6 50. Rc7+ Re7 51. Rxe7+ Bxe7 52. Rf4 Bf6 53.
Kf3 g5 54. hxg5 hxg5 55. Rf5 Kg6 56. Ke4 Be7 57. Rf7 Bb4 58. Kf3 Bc5 59. Ke4
Bb4 60. Kd4 Ba3 61. Rf3 Bb4 1/2-1/2

[Event "Ostravský koník 2014 - FIDE Open veteránù"]
[Site "Ostrava, CZE"]
[Date "2014.04.28"]
[Round "3"]
[White "Bíza, Miroslav"]
[Black "Novotný, Petr"]
[Result "1-0"]
[WhiteElo "1928"]
[BlackElo "1661"]
[PlyCount "87"]

1. d4 Nf6 2. c4 e6 3. Nc3 Bb4 4. Bd2 O-O 5. Qc2 b6 6. e4 d6 7. f4 Bb7 8. Bd3
Nbd7 9. Nf3 h6 10. O-O-O Bxc3 11. Bxc3 d5 12. cxd5 exd5 13. e5 Ne4 14. g4 c5
15. Rhe1 cxd4 16. Nxd4 Ndc5 17. Bxe4 Nxe4 18. Nf5 Qc7 19. Bb4 Qxc2+ 20. Kxc2
Rfd8 21. Nd6 Nxd6 22. Bxd6 Rac8+ 23. Kd2 Rc4 24. Rc1 Rdc8 25. Rxc4 Rxc4 26. e6
fxe6 27. Rxe6 Re4 28. Be5 Kf7 29. Rd6 Ke7 30. Rg6 Kf8 31. h4 Bc8 32. h5 Bd7 33.
Bxg7+ Kg8 34. Bxh6+ Kh7 35. g5 Rd4+ 36. Ke3 Re4+ 37. Kf3 Bb5 38. Rg7+ Kh8 39.
Rxa7 Be2+ 40. Kg3 Bxh5 41. Kh4 Bg6 42. Bg7+ Kg8 43. Be5 d4 44. Rg7+ 1-0

[Event "Ostravský koník 2014 - FIDE Open veteránù"]
[Site "Ostrava, CZE"]
[Date "2014.04.28"]
[Round "3"]
[White "Herman, Pavel"]
[Black "Jaros, Bohumil"]
[Result "1/2-1/2"]
[WhiteElo "1706"]
[BlackElo "2000"]
[PlyCount "30"]

1. e4 c6 2. d4 d5 3. Nd2 dxe4 4. Nxe4 Nd7 5. Bc4 Ngf6 6. Ng3 Nb6 7. Bb3 e6 8.
N1e2 c5 9. c3 Qc7 10. Bf4 Qc6 11. O-O c4 12. Bc2 Bd7 13. b3 Nfd5 14. Bd2 Be7
15. b4 Qc7 1/2-1/2

[Event "Ostravský koník 2014 - FIDE Open veteránù"]
[Site "Ostrava, CZE"]
[Date "2014.04.28"]
[Round "3"]
[White "Rechtenberg, Karel"]
[Black "Bystron, Vladislav"]
[Result "1-0"]
[WhiteElo "1903"]
[BlackElo "1751"]
[PlyCount "126"]

1. e4 e6 2. d4 b6 3. Nc3 Bb7 4. Nf3 Bb4 5. Bd3 Bxc3+ 6. bxc3 h6 7. O-O Nf6 8.
Re1 O-O 9. c4 d6 10. h3 Nc6 11. c3 e5 12. d5 Na5 13. g4 Qd7 14. Nh4 Nh7 15. Kh2
f6 16. Rf1 Ba6 17. c5 Bxd3 18. c6 Qe8 19. Qxd3 a6 20. Bd2 b5 21. Rfb1 Nc4 22.
a4 Nxd2 23. Qxd2 Ng5 24. f3 h5 25. Kg3 hxg4 26. hxg4 Qf7 27. Rb4 g6 28. axb5
axb5 29. Rxa8 Rxa8 30. Rxb5 Qh7 31. Qb2 Qf7 32. Rb8+ Rxb8 33. Qxb8+ Kh7 34. Qd8
Qg7 35. c4 Kh6 36. Qe8 Kh7 37. Qc8 Qf7 38. Qb8 Qe7 39. Qa8 Qf7 40. Qa7 Qe7 41.
Qb7 Kh6 42. Qb4 Kh7 43. Qb1 Qe8 44. Ng2 Kg7 45. Qb7 Qf7 46. Ne3 Qe7 47. Qa7 Qf7
48. c5 dxc5 49. Qxc5 Qf8 50. Qa7 Qd8 51. Nc4 Nf7 52. Qa3 Kh6 53. Kf2 f5 54.
Qc1+ f4 55. Qh1+ Kg7 56. Ke2 Qb8 57. Qa1 Qb5 58. Qc3 Kf6 59. Kf2 g5 60. Kg2 Qb1
61. Qd2 Qb3 62. Na5 Qb6 63. Nb7 Qb5 1-0

[Event "Ostravský koník 2014 - FIDE Open veteránù"]
[Site "Ostrava, CZE"]
[Date "2014.04.28"]
[Round "3"]
[White "Lexa, Václav"]
[Black "Doskar, Miloslav"]
[Result "0-1"]
[WhiteElo "1895"]
[BlackElo "1703"]
[PlyCount "68"]

1. d4 Nf6 2. c4 e6 3. Nc3 Bb4 4. f3 Bxc3+ 5. bxc3 d6 6. e4 Nbd7 7. Bd3 O-O 8.
Ne2 b6 9. O-O Bb7 10. Qe1 Re8 11. Bg5 h6 12. Be3 Kh8 13. Qg3 e5 14. Qh3 Nf8 15.
Ng3 Bc8 16. Nf5 Bxf5 17. exf5 N8h7 18. g4 e4 19. Bc2 exf3 20. Rxf3 Ne4 21. f6
Nhxf6 22. g5 Ng8 23. Rxf7 Qc8 24. Qf3 Qe6 25. d5 Qg6 26. Kh1 hxg5 27. Rf5 g4
28. Qf4 Ngf6 29. Rg1 Re5 30. Bxe4 Rxe4 31. Qf2 Rae8 32. Bd4 Re2 33. Qh4+ Kg8
34. Bxf6 Qxf5 0-1

[Event "Ostravský koník 2014 - FIDE Open veteránù"]
[Site "Ostrava, CZE"]
[Date "2014.04.28"]
[Round "3"]
[White "Puobis, Jozef"]
[Black "Lavrisin, Jan"]
[Result "1/2-1/2"]
[WhiteElo "1869"]
[BlackElo "1620"]
[PlyCount "96"]

1. e4 c5 2. Nf3 d6 3. Bb5+ Bd7 4. Bxd7+ Nxd7 5. O-O Ngf6 6. Re1 Qc7 7. Nc3 e6
8. d4 cxd4 9. Nxd4 a6 10. Qe2 Be7 11. Kh1 O-O 12. f4 Rad8 13. Nf3 e5 14. f5 h6
15. h3 b5 16. a3 Rc8 17. g4 Qc4 18. Qg2 Nh7 19. Nd5 Bd8 20. c3 f6 21. Nd2 Qc6
22. h4 Nc5 23. Qe2 a5 24. c4 bxc4 25. Qxc4 Kh8 26. b4 Na4 27. Qxc6 Rxc6 28. b5
Rc5 29. Rb1 Nc3 30. Nxc3 Rxc3 31. Kg2 Bb6 32. Nf3 Rc2+ 33. Bd2 Rfc8 34. Rb3 a4
35. Rd3 Bc5 36. Kh3 Ra2 37. g5 fxg5 38. hxg5 hxg5 39. Kg4 Bxa3 40. Rh1 Kg8 41.
Nxg5 Nxg5 42. Kxg5 Rc4 43. Kg6 Rxe4 44. Rdh3 Rg4+ 45. Bg5 Rxg5+ 46. Kxg5 Rg2+
47. Kh4 Bc5 48. Rc3 Rb2 1/2-1/2

[Event "Ostravský koník 2014 - FIDE Open veteránù"]
[Site "Ostrava, CZE"]
[Date "2014.04.28"]
[Round "3"]
[White "Perík, Alois"]
[Black "Zdrazila, Jaromír"]
[Result "1-0"]
[WhiteElo "1838"]
[BlackElo "1547"]
[PlyCount "51"]

1. c4 c5 2. Nc3 e6 3. e4 Nc6 4. Nf3 g6 5. d4 cxd4 6. Nxd4 a6 7. Be3 Be7 8. Be2
Bf6 9. O-O Bxd4 10. Bxd4 Nxd4 11. Qxd4 Qf6 12. e5 Qe7 13. Ne4 h5 14. Nd6+ Kf8
15. b3 Qd8 16. Rfd1 Rh7 17. Nxc8 Rxc8 18. Qxd7 Qxd7 19. Rxd7 Rb8 20. Rad1 Kg7
21. c5 Rc8 22. b4 Kh6 23. Bf3 f6 24. Rxh7+ Kxh7 25. Bxb7 Rb8 26. c6 1-0

[Event "Ostravský koník 2014 - FIDE Open veteránù"]
[Site "Ostrava, CZE"]
[Date "2014.04.28"]
[Round "3"]
[White "Kanovský, Jan"]
[Black "Mícka, Jaroslav"]
[Result "1/2-1/2"]
[WhiteElo "1728"]
[BlackElo "1837"]
[PlyCount "44"]

1. e4 e5 2. Nf3 Nc6 3. Nc3 Nf6 4. Bb5 Nd4 5. Ba4 Bc5 6. d3 O-O 7. O-O c6 8. Bg5
b5 9. Bb3 Nxb3 10. axb3 d6 11. h3 h6 12. Bh4 Re8 13. Nh2 g5 14. Bg3 Bb6 15. Kh1
Qd7 16. f3 d5 17. Bf2 Bxf2 18. Rxf2 Nh5 19. Ne2 Qd6 20. c3 Nf4 21. Nxf4 exf4
22. Re2 Bd7 1/2-1/2

[Event "Ostravský koník 2014 - FIDE Open veteránù"]
[Site "Ostrava, CZE"]
[Date "2014.04.28"]
[Round "3"]
[White "Bebek, Ivan"]
[Black "Korínek, Jaroslav"]
[Result "0-1"]
[WhiteElo "1375"]
[BlackElo "1810"]
[PlyCount "80"]

1. d4 Nf6 2. Nf3 d6 3. c4 Bg4 4. e3 Nbd7 5. Nc3 e5 6. dxe5 dxe5 7. e4 c6 8. Bg5
Qc7 9. Bxf6 Nxf6 10. Be2 Rd8 11. Qc2 Bd6 12. O-O O-O 13. Nd1 Qc8 14. Ne3 Bh5
15. b3 Bg6 16. Bd3 Nh5 17. Nh4 Nf4 18. Nxg6 hxg6 19. c5 Be7 20. Rad1 Nxd3 21.
Rxd3 Rxd3 22. Qxd3 Bxc5 23. Nc4 Bd4 24. Qg3 Qc7 25. h3 b5 26. Nd2 Qa5 27. Nf3
Re8 28. Nxd4 exd4 29. Qd6 Qb6 30. e5 Re6 31. Qd7 Rxe5 32. Rc1 c5 33. b4 c4 34.
a4 Rf5 35. axb5 d3 36. Qc8+ Kh7 37. Qxc4 Qxf2+ 38. Kh1 d2 39. Rd1 Qe1+ 40. Kh2
Qxd1 0-1

[Event "Ostravský koník 2014 - FIDE Open veteránù"]
[Site "Ostrava, CZE"]
[Date "2014.04.28"]
[Round "3"]
[White "Hruska, Stanislav"]
[Black "Vinklárek, Vlastimil"]
[Result "0-1"]
[WhiteElo "1491"]
[BlackElo "1762"]
[PlyCount "82"]

1. e4 c5 2. c3 Nc6 3. Nf3 d6 4. a4 e6 5. Bc4 Nf6 6. d3 Be7 7. Ng5 h6 8. Nf3 O-O
9. h3 d5 10. Bb3 dxe4 11. Nh2 exd3 12. Be3 Na5 13. Ba2 c4 14. Nd2 Qc7 15. Ng4
Kh7 16. Nf3 b6 17. Nxf6+ Bxf6 18. Qd2 Bb7 19. O-O-O a6 20. Nd4 Bxd4 21. Bxd4 e5
22. Be3 b5 23. f3 bxa4 24. Qf2 Nb3+ 25. Kb1 Rac8 26. Bb6 Qd6 27. Bxb3 axb3 28.
Ba5 Qd5 29. Bb4 Rfe8 30. Rhe1 f6 31. Rd2 Re6 32. Qh4 Rce8 33. Qg4 g6 34. Qh4
Kg7 35. Re4 f5 36. Rxc4 g5 37. Rc7+ Kg6 38. Qf2 e4 39. Rc5 e3 40. Qf1 exd2 41.
c4 Re1+ 0-1

[Event "Ostravský koník 2014 - FIDE Open veteránù"]
[Site "Ostrava, CZE"]
[Date "2014.04.28"]
[Round "3"]
[White "Koudelka, Milos"]
[Black "Spála, Jirí"]
[Result "0-1"]
[WhiteElo "1758"]
[BlackElo "1000"]
[PlyCount "82"]

1. e4 e6 2. Nc3 d5 3. d4 Nf6 4. Bg5 Be7 5. e5 Nfd7 6. Bxe7 Qxe7 7. Nf3 a6 8. g3
c5 9. Bg2 Nc6 10. Ne2 cxd4 11. O-O Ndxe5 12. Nxe5 Nxe5 13. Nxd4 Qf6 14. c3 O-O
15. Re1 Bd7 16. Qe2 Nc4 17. b3 Nd6 18. Qd2 b5 19. Ne2 Rac8 20. Rac1 Rc7 21. Qd4
Qxd4 22. cxd4 Rfc8 23. Rxc7 Rxc7 24. Rc1 Rxc1+ 25. Nxc1 Nf5 26. Ne2 b4 27. Bh3
Nd6 28. f3 Bb5 29. Nc1 Kf8 30. Kf2 Ke7 31. g4 f6 32. Bg2 g5 33. h3 e5 34. Ke3
Ke6 35. dxe5 fxe5 36. Kf2 e4 37. Ke3 Ke5 38. fxe4 Nxe4 39. Bxe4 dxe4 40. a4
bxa3 41. Na2 Bf1 0-1

[Event "Ostravský koník 2014 - FIDE Open veteránù"]
[Site "Ostrava, CZE"]
[Date "2014.04.28"]
[Round "3"]
[White "Sipl, Frantisek"]
[Black "Divis, Jan"]
[Result "1-0"]
[WhiteElo "1836"]
[BlackElo "1727"]
[PlyCount "51"]

1. d4 Nf6 2. c4 e6 3. Nc3 d5 4. Bg5 Be7 5. e3 h6 6. Bh4 c6 7. Bd3 Nbd7 8. Nge2
dxc4 9. Bxc4 Nd5 10. Bg3 O-O 11. O-O Nxc3 12. Nxc3 Nf6 13. Bd3 Bd6 14. f4 Nd5
15. Nxd5 cxd5 16. Rc1 f5 17. Be1 Bd7 18. b3 Rc8 19. Bd2 Rxc1 20. Qxc1 Qc8 21.
Qb1 Qb8 22. Qd1 Be8 23. g4 Bg6 24. h4 Bh7 25. Qb1 g6 26. Rf2 {necitelne} 1-0

[Event "Ostravský koník 2014 - FIDE Open veteránù"]
[Site "Ostrava, CZE"]
[Date "2014.04.28"]
[Round "3"]
[White "Tretina, Zdenek"]
[Black "Linart, Ludvík"]
[Result "0-1"]
[WhiteElo "1740"]
[BlackElo "1609"]
[PlyCount "128"]

1. d4 Nf6 2. c4 c5 3. e3 e6 4. Nf3 b6 5. Nc3 Bb7 6. Be2 Be7 7. a3 O-O 8. O-O d5
9. dxc5 bxc5 10. cxd5 exd5 11. Nh4 Re8 12. Bb5 Bc6 13. Qa4 Qc7 14. Nf5 Bf8 15.
Rd1 g6 16. Ng3 Bxb5 17. Qxb5 Rd8 18. Qb3 Qc6 19. Qb5 a6 20. Qxc6 Nxc6 21. Kf1
Rd7 22. Nge2 Rad8 23. Ke1 Na5 24. Bd2 Nb3 25. Rab1 Bh6 26. f4 Ne4 27. Nxe4 dxe4
28. Bc3 Rxd1+ 29. Rxd1 Rd3 30. Rxd3 exd3 31. Ng3 f5 32. Kd1 Bg7 33. Bxg7 Kxg7
34. Nf1 a5 35. Nd2 Nxd2 36. Kxd2 c4 37. a4 Kf6 38. b3 cxb3 39. Kxd3 Ke6 40. Kc3
b2 41. Kxb2 Kd5 42. Kb3 h5 43. g3 Kc5 44. Kc3 Kd5 45. h3 Kc5 46. e4 fxe4 47. g4
hxg4 48. hxg4 Kd5 49. g5 e3 50. Kd3 e2 51. Kxe2 Ke4 52. Kd2 Kxf4 53. Kc3 Kxg5
54. Kc4 Kf4 55. Kb5 g5 56. Kxa5 g4 57. Kb6 g3 58. a5 g2 59. a6 g1=Q+ 60. Kb7
Qb1+ 61. Ka8 Qe4+ 62. Kb8 Qb4+ 63. Ka8 Qc5 64. a7 Qc8# 0-1

[Event "Ostravský koník 2014 - FIDE Open veteránù"]
[Site "Ostrava, CZE"]
[Date "2014.04.28"]
[Round "3"]
[White "Krivohlávek, Josef"]
[Black "Kosár st., Mikulás"]
[Result "0-1"]
[WhiteElo "1500"]
[BlackElo "1731"]
[PlyCount "120"]

1. d4 d5 2. c4 Nf6 3. Nf3 e6 4. Nc3 Be7 5. e3 Bd7 6. Bd3 O-O 7. O-O c5 8. cxd5
cxd4 9. Nxd4 exd5 10. Qb3 Bc8 11. Rd1 Nc6 12. Nf3 Rb8 13. a3 Be6 14. Qc2 Qc7
15. Nb5 Qd7 16. Bd2 a6 17. Nbd4 Bg4 18. Bc3 Nxd4 19. Bxd4 Bxf3 20. Bf5 Be4 21.
Bxd7 Bxc2 22. Rdc1 Nxd7 23. Rxc2 Rbc8 24. Rac1 Rxc2 25. Rxc2 Bd6 26. f4 f6 27.
h4 Nb8 28. Rd2 Nc6 29. Bc3 Ne7 30. g3 Re8 31. Rd3 Bc5 32. Kg2 Rd8 33. Kf3 Kf7
34. g4 Nc6 35. b4 Bb6 36. g5 fxg5 37. hxg5 g6 38. Bf6 Rd7 39. e4 d4 40. e5 Bd8
41. Bh8 Be7 42. Rd1 Rd8 43. Bf6 Bxf6 44. exf6 d3 45. Ke3 d2 46. Rxd2 Rxd2 47.
Kxd2 Nd4 48. Kd3 Nf5 49. Kc4 h6 50. gxh6 Nxh6 51. Kc5 Nf5 52. Kb6 Nd6 53. Kc7
Nc4 54. Kxb7 Nxa3 55. Kxa6 Kxf6 56. b5 Nxb5 57. Kxb5 Kf5 58. Kc4 Kxf4 59. Kd3
Kf3 60. Kd2 Kf2 0-1

[Event "Ostravský koník 2014 - FIDE Open veteránù"]
[Site "Ostrava, CZE"]
[Date "2014.04.28"]
[Round "3"]
[White "Sumbera, Antonín"]
[Black "Sudolský, Jan"]
[Result "1/2-1/2"]
[WhiteElo "1671"]
[BlackElo "1546"]
[PlyCount "58"]

1. e4 e6 2. d4 d5 3. exd5 exd5 4. h3 Be7 5. Nf3 Nf6 6. c4 b6 7. Nc3 c6 8. Bd3
dxc4 9. Bxc4 b5 10. Bb3 b4 11. Ne2 a5 12. Ba4 O-O 13. O-O Nd5 14. Ne5 Bb7 15.
Qc2 Qc7 16. Be3 c5 17. Rfc1 Nxe3 18. fxe3 f6 19. Qc4+ Kh8 20. Nf7+ Rxf7 21.
Qxf7 Nc6 22. Rxc5 Rf8 23. Qxf8+ Bxf8 24. Rxc6 Bxc6 25. Rc1 Qe7 26. Rxc6 Qxe3+
27. Kh1 Qxe2 28. Rc1 g6 29. Rc6 Qe3 1/2-1/2

[Event "Ostravský koník 2014 - FIDE Open veteránù"]
[Site "Ostrava, CZE"]
[Date "2014.04.28"]
[Round "3"]
[White "Fiser, Otakar"]
[Black "Pirhala, Ladislav"]
[Result "0-1"]
[WhiteElo "1610"]
[BlackElo "1481"]
[PlyCount "46"]

1. f4 d5 2. Nf3 Bf5 3. e3 e6 4. b3 Nf6 5. Bb2 Nbd7 6. Be2 Be7 7. c4 c6 8. cxd5
cxd5 9. Bb5 O-O 10. O-O Rc8 11. Nc3 Nc5 12. d4 Nce4 13. Rc1 Nxc3 14. Rxc3 Rxc3
15. Bxc3 Qb6 16. Bd3 Bxd3 17. Qxd3 Ne4 18. Rc1 Rc8 19. Rc2 Qc7 20. Ng5 Bxg5 21.
fxg5 Nxc3 22. Kf1 Qa5 23. a3 Qa6 0-1

[Event "Ostravský koník 2014 - FIDE Open veteránù"]
[Site "Ostrava, CZE"]
[Date "2014.04.28"]
[Round "3"]
[White "Chlevistan, Jaromír"]
[Black "Písa, Lubomír"]
[Result "1-0"]
[WhiteElo "1581"]
[BlackElo "1557"]
[PlyCount "109"]

1. d4 d5 2. Nf3 Nf6 3. c4 e6 4. e3 Be7 5. Be2 O-O 6. Nc3 c6 7. O-O Nbd7 8. Qc2
h6 9. b3 Re8 10. Bb2 b6 11. cxd5 cxd5 12. Rac1 a6 13. e4 dxe4 14. Nxe4 Bb7 15.
Nxf6+ Nxf6 16. Ne5 Rc8 17. Qd3 b5 18. Rxc8 Qxc8 19. Rc1 Qa8 20. Bf3 Bxf3 21.
Qxf3 Qxf3 22. Nxf3 Nd5 23. Rc6 Ra8 24. Ne5 Nb4 25. Rc7 Nd5 26. Rc1 Nb4 27. a3
Nd5 28. g3 Kf8 29. b4 Bg5 30. f4 Bf6 31. Nd7+ Ke7 32. Nc5 a5 33. bxa5 Rxa5 34.
Ra1 g6 35. Kf2 Ra8 36. Ke2 Kd6 37. Ne4+ Ke7 38. h3 Rc8 39. Nc5 Rd8 40. Kd3 Nb6
41. Bc3 Na4 42. Nxa4 bxa4 43. Rb1 Ke8 44. Rb4 Ra8 45. Rc4 Be7 46. Bb4 Bf6 47.
Rc7 Rd8 48. Bc5 Rb8 49. Kc4 Ra8 50. Kb5 Rd8 51. Kxa4 Bxd4 52. Re7+ Kf8 53. Rd7+
Ke8 54. Rxd8+ Kxd8 55. Bxd4 1-0

[Event "Ostravský koník 2014 - FIDE Open veteránù"]
[Site "Ostrava, CZE"]
[Date "2014.04.29"]
[Round "4"]
[White "Jamka, Bretislav"]
[Black "Macura, Emil"]
[Result "1/2-1/2"]
[WhiteElo "2059"]
[BlackElo "1997"]
[PlyCount "121"]

1. d4 Nf6 2. c4 g6 3. Nc3 Bg7 4. Nf3 d6 5. g3 O-O 6. Bg2 Nbd7 7. O-O e5 8. Bg5
h6 9. Bxf6 Bxf6 10. Ne4 Bg7 11. dxe5 dxe5 12. Qb3 Qe7 13. Rfd1 Kh7 14. e3 a5
15. a3 Ra6 16. Nc3 c6 17. Qc2 f5 18. h4 e4 19. Ne1 Ne5 20. b3 Ra8 21. a4 Be6
22. Rd2 Rad8 23. Rad1 Rxd2 24. Rxd2 Rd8 25. Ne2 Rxd2 26. Qxd2 Qb4 27. Qxb4 axb4
28. Nd4 Bd7 29. Bf1 c5 30. Nb5 Nc6 31. Be2 Na5 32. Bd1 g5 33. hxg5 hxg5 34. Kf1
Kg6 35. f3 exf3 36. Nxf3 Bb2 37. Nd6 Kf6 38. Kf2 Ke6 39. Nb5 Bf6 40. Nc7+ Kd6
41. Nb5+ Ke7 42. Bc2 g4 43. Nh4 Be5 44. Nxf5+ Bxf5 45. Bxf5 Nxb3 46. Ke2 Bxg3
47. Bxg4 Na5 48. Kd3 Be5 49. Bd1 Kd7 50. Ke4 Nxc4 51. Be2 Nxe3 52. Kxe5 Kc6 53.
Ke4 Nc2 54. Kd3 Na1 55. Bd1 Kb6 56. Kc4 Ka5 57. Nd6 b6 58. Ne4 b3 59. Nd2 Nc2
60. Kxb3 Nb4 61. Bf3 1/2-1/2

[Event "Ostravský koník 2014 - FIDE Open veteránù"]
[Site "Ostrava, CZE"]
[Date "2014.04.29"]
[Round "4"]
[White "Kostal, Otakar"]
[Black "Krouzel, Jaroslav"]
[Result "0-1"]
[WhiteElo "2008"]
[BlackElo "2135"]
[PlyCount "74"]

1. d4 f5 2. g3 Nf6 3. c4 d6 4. Nf3 g6 5. Bg2 Bg7 6. Nc3 O-O 7. O-O Qe8 8. d5 a5
9. a3 Na6 10. Qc2 h6 11. Re1 Nc5 12. Be3 Nfe4 13. Nxe4 Nxe4 14. Nd2 Nxd2 15.
Qxd2 Kh7 16. Bd4 Qf7 17. Bxg7 Qxg7 18. f4 e5 19. dxe6 Bxe6 20. Rac1 a4 21. e4
fxe4 22. Rxe4 Bf5 23. Re3 Ra6 24. Rce1 Rb6 25. Re7 Rf7 26. Rxf7 Qxf7 27. Qd4 c5
28. Qd1 Be6 29. Bd5 Bxd5 30. cxd5 Qg7 31. Qxa4 Rxb2 32. Qd1 Ra2 33. Qd3 Qb2 34.
Re7+ Kh8 35. Re8+ Kg7 36. Re7+ Kf8 37. Re8+ Kf7 0-1